[Event "POHÁR města Říčany 2023"]
[Site "Městské kulturní středisko U labutě"]
[Date "2023.08.31"]
[Round "7.7"]
[White "Korniichuk, Oleksandra"]
[Black "Taborsky, Rostislav"]
[Result "0-1"]
[WhiteFideId "14155656"]
[BlackFideId "307491"]
[WhiteElo "1869"]
[BlackElo "2153"]
[PlyCount "0"]
[EventDate "2023.08.26"]

1. e4 {[%clk 01:30:57]} {[%emt 00:00:01]} c5 {[%clk 01:29:22]} {[%emt
00:01:40]} 2. Be2 {[%clk 01:27:16]} {[%emt 00:04:10]} Nc6 {[%clk 01:29:02]}
{[%emt 00:00:51]} 3. f4 {[%clk 01:27:40]} {[%emt 00:00:06]} g6 {[%clk
01:29:06]} {[%emt 00:00:25]} 4. Nf3 {[%clk 01:28:00]} {[%emt 00:00:10]} Bg7
{[%clk 01:29:25]} {[%emt 00:00:17]} 5. O-O {[%clk 01:28:07]} {[%emt 00:00:18]}
d6 {[%clk 01:29:41]} {[%emt 00:00:14]} 6. c3 {[%clk 01:28:32]} {[%emt
00:00:05]} Nf6 {[%clk 01:30:00]} {[%emt 00:00:11]} 7. d3 {[%clk 01:28:21]}
{[%emt 00:00:42]} O-O {[%clk 01:24:11]} {[%emt 00:06:19]} 8. Be3 {[%clk
01:26:28]} {[%emt 00:02:23]} c4 {[%clk 01:17:45]} {[%emt 00:06:56]} 9. d4
{[%clk 01:21:38]} {[%emt 00:05:19]} Nxe4 {[%clk 01:15:13]} {[%emt 00:03:02]} 10.
Bxc4 {[%clk 01:21:49]} {[%emt 00:00:19]} d5 {[%clk 01:13:19]} {[%emt 00:02:25]}
11. Bd3 {[%clk 01:20:53]} {[%emt 00:01:26]} Bg4 {[%clk 01:09:44]} {[%emt
00:04:04]} 12. Qc2 {[%clk 01:17:41]} {[%emt 00:03:42]} Bxf3 {[%clk 01:08:10]}
{[%emt 00:02:05]} 13. gxf3 {[%clk 01:13:12]} {[%emt 00:04:58]} Nd6 {[%clk
01:07:55]} {[%emt 00:00:45]} 14. f5 {[%clk 01:09:08]} {[%emt 00:04:34]} Qd7
{[%clk 00:54:50]} {[%emt 00:13:35]} 15. fxg6 {[%clk 01:07:58]} {[%emt
00:01:41]} hxg6 {[%clk 00:52:14]} {[%emt 00:03:05]} 16. f4 {[%clk 01:00:30]}
{[%emt 00:07:57]} Qh3 {[%clk 00:45:16]} {[%emt 00:07:29]} 17. Qe2 {[%clk
00:58:15]} {[%emt 00:02:45]} Nf5 {[%clk 00:41:31]} {[%emt 00:04:15]} 18. Qf3
{[%clk 00:54:35]} {[%emt 00:04:10]} Qxf3 {[%clk 00:40:23]} {[%emt 00:01:39]} 19.
Rxf3 {[%clk 00:55:03]} {[%emt 00:00:02]} Ncxd4 {[%clk 00:38:57]} {[%emt
00:01:56]} 20. Bxd4 {[%clk 00:51:04]} {[%emt 00:04:29]} Nxd4 {[%clk 00:39:20]}
{[%emt 00:00:07]} 21. Rf1 {[%clk 00:51:30]} {[%emt 00:00:04]} e6 {[%clk
00:34:28]} {[%emt 00:05:21]} 22. Nd2 {[%clk 00:47:00]} {[%emt 00:05:00]} Nc6
{[%clk 00:34:04]} {[%emt 00:00:54]} 23. Nf3 {[%clk 00:47:17]} {[%emt 00:00:13]}
Rac8 {[%clk 00:33:15]} {[%emt 00:01:19]} 24. h4 {[%clk 00:46:25]} {[%emt
00:01:22]} d4 {[%clk 00:29:26]} {[%emt 00:04:19]} 25. cxd4 {[%clk 00:40:49]}
{[%emt 00:06:06]} Nxd4 {[%clk 00:28:00]} {[%emt 00:01:57]} 26. Rab1 {[%clk
00:40:52]} {[%emt 00:00:27]} Rfd8 {[%clk 00:26:08]} {[%emt 00:02:21]} 27. Kg2
{[%clk 00:40:57]} {[%emt 00:00:26]} Nc2 {[%clk 00:24:05]} {[%emt 00:02:33]} 28.
Bxc2 {[%clk 00:40:51]} {[%emt 00:00:36]} Rxc2+ {[%clk 00:24:29]} {[%emt
00:00:06]} 29. Kg3 {[%clk 00:41:18]} {[%emt 00:00:03]} Bxb2 {[%clk 00:22:50]}
{[%emt 00:02:09]} 30. h5 {[%clk 00:41:30]} {[%emt 00:00:18]} gxh5 {[%clk
00:22:39]} {[%emt 00:00:41]} 31. Rh1 {[%clk 00:41:55]} {[%emt 00:00:04]} b6
{[%clk 00:21:10]} {[%emt 00:02:00]} 32. Rxh5 {[%clk 00:42:00]} {[%emt
00:00:25]} Rd3 {[%clk 00:20:58]} {[%emt 00:00:42]} 33. Rg1 {[%clk 00:37:20]}
{[%emt 00:05:10]} Bd4 {[%clk 00:19:19]} {[%emt 00:02:08]} 34. Rg2 {[%clk
00:36:54]} {[%emt 00:00:57]} Rxg2+ {[%clk 00:19:16]} {[%emt 00:00:34]} 35. Kxg2
{[%clk 00:35:02]} {[%emt 00:02:21]} Bf6 {[%clk 00:17:33]} {[%emt 00:02:13]} 36.
Kg3 {[%clk 00:34:10]} {[%emt 00:01:22]} Ra3 {[%clk 00:17:35]} {[%emt 00:00:28]}
37. Rh2 {[%clk 00:34:34]} {[%emt 00:00:06]} b5 {[%clk 00:17:26]} {[%emt
00:00:39]} 38. Kg4 {[%clk 00:34:40]} {[%emt 00:00:23]} Ra4 {[%clk 00:16:50]}
{[%emt 00:01:06]} 39. Rc2 {[%clk 00:34:48]} {[%emt 00:00:22]} e5 {[%clk
00:15:29]} {[%emt 00:01:51]} 40. Kg3 {[%clk 00:33:58]} {[%emt 00:01:20]} Rxf4
{[%clk 00:14:30]} {[%emt 00:01:30]} 41. Rc5 {[%clk 00:34:17]} {[%emt 00:00:10]}
Rb4 {[%clk 00:13:49]} {[%emt 00:01:11]} 42. Nxe5 {[%clk 00:34:35]} {[%emt
00:00:12]} Bxe5+ {[%clk 00:13:51]} {[%emt 00:00:28]} 43. Rxe5 {[%clk 00:35:00]}
{[%emt 00:00:05]} a6 {[%clk 00:14:03]} {[%emt 00:00:18]} 44. Kf3 {[%clk
00:35:14]} {[%emt 00:00:16]} Ra4 {[%clk 00:14:29]} {[%emt 00:00:05]} 45. Re2
{[%clk 00:35:38]} {[%emt 00:00:05]} Kg7 {[%clk 00:14:47]} {[%emt 00:00:12]} 46.
Kf2 {[%clk 00:35:54]} {[%emt 00:00:14]} f5 {[%clk 00:15:05]} {[%emt 00:00:12]}
47. Kf3 {[%clk 00:36:20]} {[%emt 00:00:03]} Kf6 {[%clk 00:15:32]} {[%emt
00:00:03]} 48. Kf2 {[%clk 00:36:41]} {[%emt 00:00:09]} f4 {[%clk 00:15:49]}
{[%emt 00:00:14]} 49. Kf3 {[%clk 00:37:04]} {[%emt 00:00:07]} Kf5 {[%clk
00:16:14]} {[%emt 00:00:05]} 50. Kf2 {[%clk 00:37:28]} {[%emt 00:00:06]} Ra3
{[%clk 00:16:30]} {[%emt 00:00:13]} 51. Rc2 {[%clk 00:37:52]} {[%emt 00:00:05]}
Ke4 {[%clk 00:15:38]} {[%emt 00:01:22]} 52. Rb2 {[%clk 00:38:04]} {[%emt
00:00:18]} Kf5 {[%clk 00:15:07]} {[%emt 00:01:01]} 53. Rc2 {[%clk 00:38:23]}
{[%emt 00:00:11]} Kg4 {[%clk 00:15:34]} {[%emt 00:00:03]} 54. Rb2 {[%clk
00:38:42]} {[%emt 00:00:10]} Rh3 {[%clk 00:15:07]} {[%emt 00:00:57]} 55. Kg1
{[%clk 00:38:32]} {[%emt 00:00:40]} Ra3 {[%clk 00:13:09]} {[%emt 00:02:28]} 56.
Kf2 {[%clk 00:38:51]} {[%emt 00:00:11]} Ra4 {[%clk 00:13:36]} {[%emt 00:00:04]}
57. Kg2 {[%clk 00:39:11]} {[%emt 00:00:10]} b4 {[%clk 00:13:57]} {[%emt
00:00:09]} 58. Kf2 {[%clk 00:39:37]} {[%emt 00:00:04]} a5 {[%clk 00:14:24]}
{[%emt 00:00:03]} 59. Kg2 {[%clk 00:40:02]} {[%emt 00:00:04]} Ra3 {[%clk
00:14:47]} {[%emt 00:00:08]} 60. Kf2 {[%clk 00:40:24]} {[%emt 00:00:08]} a4
{[%clk 00:14:29]} {[%emt 00:00:48]} 0-1

[Event "POHÁR města Říčany 2023"]
[Site "Městské kulturní středisko U labutě"]
[Date "2023.08.31"]
[Round "7.8"]
[White "Siles, Jan"]
[Black "Stanek, Ondrej"]
[Result "1/2-1/2"]
[WhiteFideId "23715405"]
[BlackFideId "364240"]
[WhiteElo "1869"]
[BlackElo "2065"]
[PlyCount "0"]
[EventDate "2023.08.26"]

1. d4 {[%clk 01:30:56]} {[%emt 00:00:03]} Nf6 {[%clk 01:30:32]} {[%emt
00:00:29]} 2. c4 {[%clk 01:31:15]} {[%emt 00:00:11]} g6 {[%clk 01:29:43]}
{[%emt 00:01:19]} 3. Nc3 {[%clk 01:31:08]} {[%emt 00:00:37]} d5 {[%clk
01:29:48]} {[%emt 00:00:24]} 4. h4 {[%clk 01:30:40]} {[%emt 00:00:58]} c6
{[%clk 01:26:37]} {[%emt 00:03:42]} 5. cxd5 {[%clk 01:29:29]} {[%emt 00:01:42]}
cxd5 {[%clk 01:26:31]} {[%emt 00:00:35]} 6. Bf4 {[%clk 01:29:24]} {[%emt
00:00:35]} Nc6 {[%clk 01:25:21]} {[%emt 00:01:40]} 7. e3 {[%clk 01:29:02]}
{[%emt 00:00:51]} a6 {[%clk 01:24:21]} {[%emt 00:01:30]} 8. Be2 {[%clk
01:27:47]} {[%emt 00:01:43]} h5 {[%clk 01:19:19]} {[%emt 00:05:33]} 9. Nf3
{[%clk 01:25:15]} {[%emt 00:03:02]} Bg4 {[%clk 01:10:31]} {[%emt 00:09:19]} 10.
Ne5 {[%clk 01:17:05]} {[%emt 00:08:40]} Bxe2 {[%clk 01:09:15]} {[%emt
00:01:46]} 11. Qxe2 {[%clk 01:17:23]} {[%emt 00:00:12]} Nd7 {[%clk 01:05:30]}
{[%emt 00:04:15]} 12. Nd3 {[%clk 01:10:01]} {[%emt 00:07:52]} e6 {[%clk
01:04:51]} {[%emt 00:01:10]} 13. Rc1 {[%clk 01:08:59]} {[%emt 00:01:32]} Rc8
{[%clk 01:01:42]} {[%emt 00:03:39]} 14. f3 {[%clk 01:01:58]} {[%emt 00:07:31]}
Be7 {[%clk 00:51:35]} {[%emt 00:10:37]} 15. Qf2 {[%clk 01:00:28]} {[%emt
00:01:59]} b5 {[%clk 00:49:18]} {[%emt 00:02:47]} 16. g3 {[%clk 00:51:24]}
{[%emt 00:09:34]} Nb4 {[%clk 00:35:51]} {[%emt 00:13:56]} 17. Nxb4 {[%clk
00:47:51]} {[%emt 00:04:04]} Bxb4 {[%clk 00:30:56]} {[%emt 00:05:24]} 18. O-O
{[%clk 00:47:34]} {[%emt 00:00:47]} Bxc3 {[%clk 00:23:41]} {[%emt 00:07:45]} 19.
bxc3 {[%clk 00:47:09]} {[%emt 00:00:55]} Nb6 {[%clk 00:24:03]} {[%emt
00:00:08]} 20. e4 {[%clk 00:45:44]} {[%emt 00:02:00]} Rc4 {[%clk 00:23:06]}
{[%emt 00:01:21]} 21. Rfe1 {[%clk 00:39:30]} {[%emt 00:06:45]} Qc8 {[%clk
00:22:55]} {[%emt 00:00:40]} 22. Qd2 {[%clk 00:36:36]} {[%emt 00:03:24]} Kd7
{[%clk 00:16:04]} {[%emt 00:07:21]} 23. Be5 {[%clk 00:32:14]} {[%emt 00:04:52]}
Rh7 {[%clk 00:14:25]} {[%emt 00:02:08]} 24. Qg5 {[%clk 00:27:05]} {[%emt
00:05:39]} Qd8 {[%clk 00:12:25]} {[%emt 00:02:31]} 25. Bf6 {[%clk 00:21:54]}
{[%emt 00:05:41]} Qc7 {[%clk 00:12:07]} {[%emt 00:00:48]} 26. Be5 {[%clk
00:21:48]} {[%emt 00:00:36]} Qd8 {[%clk 00:12:22]} {[%emt 00:00:15]} 27. Bf6
{[%clk 00:10:54]} 1/2-1/2

[Event "POHÁR města Říčany 2023"]
[Site "Městské kulturní středisko U labutě"]
[Date "2023.08.31"]
[Round "7.10"]
[White "Madle, Robin"]
[Black "Svadlenka, Dominik"]
[Result "0-1"]
[WhiteFideId "393886"]
[BlackFideId "23716258"]
[WhiteElo "1899"]
[BlackElo "1515"]
[PlyCount "0"]
[EventDate "2023.08.26"]

1. e4 {[%clk 01:30:58]} {[%emt 00:00:01]} c6 {[%clk 01:30:46]} {[%emt
00:00:14]} 2. d4 {[%clk 01:30:55]} {[%emt 00:00:33]} d5 {[%clk 01:31:12]}
{[%emt 00:00:04]} 3. e5 {[%clk 01:31:17]} {[%emt 00:00:08]} c5 {[%clk
01:31:07]} {[%emt 00:00:36]} 4. c3 {[%clk 01:31:12]} {[%emt 00:00:34]} Nc6
{[%clk 01:31:30]} {[%emt 00:00:06]} 5. Nf3 {[%clk 01:28:47]} {[%emt 00:02:55]}
Bg4 {[%clk 01:31:52]} {[%emt 00:00:07]} 6. Be2 {[%clk 01:25:44]} {[%emt
00:03:33]} e6 {[%clk 01:31:47]} {[%emt 00:00:35]} 7. O-O {[%clk 01:17:49]}
{[%emt 00:08:26]} Nge7 {[%clk 01:29:48]} {[%emt 00:02:29]} 8. dxc5 {[%clk
01:10:01]} {[%emt 00:08:18]} Ng6 {[%clk 01:27:58]} {[%emt 00:02:19]} 9. Be3
{[%clk 01:09:37]} {[%emt 00:00:54]} Bxf3 {[%clk 01:26:30]} {[%emt 00:01:59]} 10.
Bxf3 {[%clk 01:03:48]} {[%emt 00:06:18]} Ngxe5 {[%clk 01:26:12]} {[%emt
00:00:47]} 11. Be2 {[%clk 01:03:56]} {[%emt 00:00:23]} Be7 {[%clk 01:25:32]}
{[%emt 00:01:10]} 12. Nd2 {[%clk 01:03:29]} {[%emt 00:00:58]} O-O {[%clk
01:22:57]} {[%emt 00:03:05]} 13. a3 {[%clk 01:01:41]} {[%emt 00:02:19]} a5
{[%clk 01:01:00]} {[%emt 00:22:27]} 14. b4 {[%clk 01:00:13]} {[%emt 00:01:57]}
axb4 {[%clk 00:56:03]} {[%emt 00:05:28]} 15. axb4 {[%clk 01:00:22]} {[%emt
00:00:21]} Bf6 {[%clk 00:54:52]} {[%emt 00:01:41]} 16. b5 {[%clk 00:57:22]}
{[%emt 00:03:30]} Ne7 {[%clk 00:46:27]} {[%emt 00:08:54]} 17. f3 {[%clk
00:55:04]} {[%emt 00:02:49]} Nd7 {[%clk 00:44:21]} {[%emt 00:02:36]} 18. Qb3
{[%clk 00:53:45]} {[%emt 00:01:49]} Qc7 {[%clk 00:42:34]} {[%emt 00:02:17]} 19.
Qb4 {[%clk 00:51:24]} {[%emt 00:02:51]} Qe5 {[%clk 00:41:40]} {[%emt 00:01:24]}
20. Qd4 {[%clk 00:43:09]} {[%emt 00:08:45]} Nf5 {[%clk 00:37:52]} {[%emt
00:04:18]} 21. Qxe5 {[%clk 00:40:36]} {[%emt 00:03:03]} Bxe5 {[%clk 00:38:16]}
{[%emt 00:00:06]} 22. Bf2 {[%clk 00:39:33]} {[%emt 00:01:33]} Bxc3 {[%clk
00:35:44]} {[%emt 00:03:02]} 23. Rxa8 {[%clk 00:39:42]} {[%emt 00:00:21]} Rxa8
{[%clk 00:36:09]} {[%emt 00:00:05]} 24. Nb3 {[%clk 00:40:08]} {[%emt 00:00:03]}
e5 {[%clk 00:20:11]} {[%emt 00:16:29]} 25. Rc1 {[%clk 00:36:17]} {[%emt
00:04:21]} d4 {[%clk 00:19:42]} {[%emt 00:00:59]} 26. Bd3 {[%clk 00:36:20]}
{[%emt 00:00:27]} Ne7 {[%clk 00:18:24]} {[%emt 00:01:48]} 27. Be4 {[%clk
00:35:20]} {[%emt 00:01:30]} Rc8 {[%clk 00:12:32]} {[%emt 00:06:23]} 28. Bxb7
{[%clk 00:33:07]} {[%emt 00:02:43]} Nxc5 {[%clk 00:12:53]} {[%emt 00:00:09]} 29.
Bxc8 {[%clk 00:29:54]} {[%emt 00:03:42]} Nxb3 {[%clk 00:13:16]} {[%emt
00:00:07]} 30. Rc2 {[%clk 00:23:34]} {[%emt 00:06:50]} Nxc8 {[%clk 00:13:37]}
{[%emt 00:00:09]} 31. Be1 {[%clk 00:23:14]} {[%emt 00:00:49]} Nb6 {[%clk
00:10:07]} {[%emt 00:04:00]} 32. Bxc3 {[%clk 00:23:10]} {[%emt 00:00:35]} dxc3
{[%clk 00:10:20]} {[%emt 00:00:17]} 33. Rxc3 {[%clk 00:23:35]} {[%emt
00:00:05]} Nd4 {[%clk 00:10:41]} {[%emt 00:00:09]} 34. Ra3 {[%clk 00:22:30]}
{[%emt 00:01:33]} Kf8 {[%clk 00:08:56]} {[%emt 00:02:16]} 35. Ra6 {[%clk
00:22:31]} {[%emt 00:00:29]} Nd7 {[%clk 00:08:55]} {[%emt 00:00:31]} 36. b6
{[%clk 00:20:04]} {[%emt 00:02:58]} Nc6 {[%clk 00:08:04]} {[%emt 00:01:21]} 37.
Ra8+ {[%clk 00:18:29]} {[%emt 00:02:05]} Ndb8 {[%clk 00:08:19]} {[%emt
00:00:15]} 38. Kf2 {[%clk 00:18:14]} {[%emt 00:00:44]} Ke7 {[%clk 00:08:30]}
{[%emt 00:00:19]} 39. Ra7+ {[%clk 00:18:02]} {[%emt 00:00:42]} Nd7 {[%clk
00:07:43]} {[%emt 00:01:17]} 40. Rc7 {[%clk 00:17:56]} {[%emt 00:00:35]} Kd6
{[%clk 00:07:51]} {[%emt 00:00:23]} 41. Ke3 {[%clk 00:17:10]} {[%emt 00:01:16]}
Nb4 {[%clk 00:08:06]} {[%emt 00:00:17]} 42. Ke4 {[%clk 00:14:04]} {[%emt
00:03:36]} g6 {[%clk 00:07:58]} {[%emt 00:00:38]} 43. Ra7 {[%clk 00:12:25]}
{[%emt 00:02:09]} f5+ {[%clk 00:08:04]} {[%emt 00:00:24]} 44. Ke3 {[%clk
00:12:42]} {[%emt 00:00:14]} Nd5+ {[%clk 00:08:19]} {[%emt 00:00:14]} 45. Kf2
{[%clk 00:12:58]} {[%emt 00:00:14]} N5xb6 {[%clk 00:08:32]} {[%emt 00:00:18]}
46. Ra2 {[%clk 00:13:00]} {[%emt 00:00:28]} h5 {[%clk 00:07:51]} {[%emt
00:01:10]} 47. Rd2+ {[%clk 00:13:25]} {[%emt 00:00:05]} Nd5 {[%clk 00:07:56]}
{[%emt 00:00:26]} 48. h3 {[%clk 00:13:33]} {[%emt 00:00:21]} e4 {[%clk
00:07:57]} {[%emt 00:00:29]} 49. fxe4 {[%clk 00:13:46]} {[%emt 00:00:18]} fxe4
{[%clk 00:08:21]} {[%emt 00:00:06]} 50. Ra2 {[%clk 00:14:13]} {[%emt 00:00:03]}
e3+ {[%clk 00:08:12]} {[%emt 00:00:38]} 51. Ke1 {[%clk 00:14:26]} {[%emt
00:00:17]} Ke5 {[%clk 00:08:19]} {[%emt 00:00:23]} 52. Ra7 {[%clk 00:14:31]}
{[%emt 00:00:24]} Nc5 {[%clk 00:07:30]} {[%emt 00:01:19]} 53. Rg7 {[%clk
00:14:49]} {[%emt 00:00:11]} Nd3+ {[%clk 00:07:40]} {[%emt 00:00:22]} 54. Ke2
{[%clk 00:15:01]} {[%emt 00:00:17]} Ke4 {[%clk 00:07:55]} {[%emt 00:00:15]} 55.
Kf1 {[%clk 00:14:58]} {[%emt 00:00:32]} N5f4 {[%clk 00:07:56]} {[%emt
00:00:30]} 56. Re7+ {[%clk 00:15:12]} {[%emt 00:00:16]} Kd4 {[%clk 00:08:06]}
{[%emt 00:00:20]} 57. Rd7+ {[%clk 00:15:29]} {[%emt 00:00:13]} Kc3 {[%clk
00:08:27]} {[%emt 00:00:09]} 58. Re7 {[%clk 00:15:48]} {[%emt 00:00:11]} Kd2
{[%clk 00:08:43]} {[%emt 00:00:15]} 0-1

[Event "POHÁR města Říčany 2023"]
[Site "Městské kulturní středisko U labutě"]
[Date "2023.08.31"]
[Round "7.11"]
[White "Skokan, Frantisek"]
[Black "Walek, Petr"]
[Result "0-1"]
[WhiteFideId "327492"]
[BlackFideId "339393"]
[WhiteElo "1881"]
[BlackElo "2219"]
[PlyCount "0"]
[EventDate "2023.08.26"]

1. d4 {[%clk 01:30:56]} {[%emt 00:00:03]} Nf6 {[%clk 01:30:53]} {[%emt
00:00:07]} 2. Bf4 {[%clk 01:31:21]} {[%emt 00:00:05]} g6 {[%clk 01:31:12]}
{[%emt 00:00:12]} 3. e3 {[%clk 01:31:44]} {[%emt 00:00:07]} Bg7 {[%clk
01:31:37]} {[%emt 00:00:05]} 4. Nf3 {[%clk 01:32:04]} {[%emt 00:00:10]} O-O
{[%clk 01:31:57]} {[%emt 00:00:09]} 5. Nbd2 {[%clk 01:31:51]} {[%emt 00:00:43]}
d6 {[%clk 01:32:04]} {[%emt 00:00:24]} 6. h3 {[%clk 01:32:06]} {[%emt
00:00:14]} Nfd7 {[%clk 01:32:24]} {[%emt 00:00:11]} 7. Bh2 {[%clk 01:32:22]}
{[%emt 00:00:13]} e5 {[%clk 01:32:14]} {[%emt 00:00:43]} 8. c3 {[%clk
01:32:47]} {[%emt 00:00:03]} f5 {[%clk 01:31:11]} {[%emt 00:01:33]} 9. Bc4+
{[%clk 01:32:20]} {[%emt 00:00:56]} Kh8 {[%clk 01:31:01]} {[%emt 00:00:40]} 10.
O-O {[%clk 01:32:24]} {[%emt 00:00:26]} Nc6 {[%clk 01:25:36]} {[%emt 00:05:56]}
11. b4 {[%clk 01:29:37]} {[%emt 00:03:16]} e4 {[%clk 01:23:22]} {[%emt
00:02:44]} 12. Ne1 {[%clk 01:29:59]} {[%emt 00:00:08]} Nf6 {[%clk 01:22:42]}
{[%emt 00:01:10]} 13. f3 {[%clk 01:30:01]} {[%emt 00:00:27]} Ne7 {[%clk
01:06:35]} {[%emt 00:16:38]} 14. Bb3 {[%clk 01:26:42]} {[%emt 00:03:49]} Ned5
{[%clk 01:03:28]} {[%emt 00:03:37]} 15. Qe2 {[%clk 01:20:06]} {[%emt 00:07:05]}
Nxc3 {[%clk 00:56:59]} {[%emt 00:06:59]} 16. Qc4 {[%clk 01:19:48]} {[%emt
00:00:48]} Ncd5 {[%clk 00:39:18]} {[%emt 00:18:11]} 17. Nc2 {[%clk 01:19:25]}
{[%emt 00:00:53]} exf3 {[%clk 00:37:56]} {[%emt 00:01:53]} 18. Rxf3 {[%clk
01:15:59]} {[%emt 00:03:55]} Be6 {[%clk 00:34:40]} {[%emt 00:03:47]} 19. Qd3
{[%clk 01:14:52]} {[%emt 00:01:35]} Bg8 {[%clk 00:34:55]} {[%emt 00:00:15]} 20.
Raf1 {[%clk 01:10:03]} {[%emt 00:05:19]} Qe7 {[%clk 00:33:29]} {[%emt
00:01:57]} 21. a3 {[%clk 01:04:31]} {[%emt 00:06:03]} a6 {[%clk 00:33:19]}
{[%emt 00:00:40]} 22. b5 {[%clk 01:03:05]} {[%emt 00:01:55]} axb5 {[%clk
00:25:22]} {[%emt 00:08:27]} 23. Qxb5 {[%clk 01:03:24]} {[%emt 00:00:10]} Nc3
{[%clk 00:24:25]} {[%emt 00:01:26]} 24. Qxb7 {[%clk 00:48:47]} {[%emt
00:15:07]} Rab8 {[%clk 00:21:26]} {[%emt 00:03:29]} 25. Qc6 {[%clk 00:48:47]}
{[%emt 00:00:30]} Nce4 {[%clk 00:17:47]} {[%emt 00:04:09]} 26. Nxe4 {[%clk
00:40:48]} {[%emt 00:08:28]} fxe4 {[%clk 00:18:11]} {[%emt 00:00:07]} 27. Rxf6
{[%clk 00:41:00]} {[%emt 00:00:18]} Rxf6 {[%clk 00:17:14]} {[%emt 00:01:27]} 28.
Bxg8 {[%clk 00:39:37]} {[%emt 00:01:52]} Rxf1+ {[%clk 00:17:17]} {[%emt
00:00:28]} 29. Kxf1 {[%clk 00:39:44]} {[%emt 00:00:23]} Kxg8 {[%clk 00:16:20]}
{[%emt 00:01:27]} 30. Ke2 {[%clk 00:38:56]} {[%emt 00:01:18]} Qe8 {[%clk
00:12:26]} {[%emt 00:04:24]} 31. Qc4+ {[%clk 00:35:34]} {[%emt 00:03:52]} Qf7
{[%clk 00:11:59]} {[%emt 00:00:57]} 32. Qc6 {[%clk 00:34:11]} {[%emt 00:01:52]}
Qf5 {[%clk 00:07:46]} {[%emt 00:04:42]} 33. Kd2 {[%clk 00:27:46]} {[%emt
00:06:56]} h6 {[%clk 00:03:38]} {[%emt 00:04:39]} 34. Bf4 {[%clk 00:24:27]}
{[%emt 00:03:49]} Rc8 {[%clk 00:02:43]} {[%emt 00:01:25]} 35. g4 {[%clk
00:24:22]} {[%emt 00:00:34]} Qe6 {[%clk 00:03:01]} {[%emt 00:00:12]} 36. Nb4
{[%clk 00:22:43]} {[%emt 00:02:10]} Qe8 {[%clk 00:03:18]} {[%emt 00:00:13]} 37.
Qc4+ {[%clk 00:22:18]} {[%emt 00:00:55]} Kh7 {[%clk 00:03:18]} {[%emt
00:00:30]} 38. Nc6 {[%clk 00:15:33]} {[%emt 00:07:15]} Ra8 {[%clk 00:03:33]}
{[%emt 00:00:16]} 39. a4 {[%clk 00:15:14]} {[%emt 00:00:49]} d5 {[%clk
00:03:10]} {[%emt 00:00:53]} 40. Qxd5 {[%clk 00:12:30]} {[%emt 00:03:14]} Ra6
{[%clk 00:01:43]} {[%emt 00:01:57]} 41. Nd8 {[%clk 00:10:08]} {[%emt 00:02:52]}
Qxa4 {[%clk 00:01:19]} {[%emt 00:00:53]} 42. Qxe4 {[%clk 00:07:49]} {[%emt
00:02:48]} Qa2+ {[%clk 00:01:04]} {[%emt 00:00:46]} 43. Qc2 {[%clk 00:07:58]}
{[%emt 00:00:21]} Qd5 {[%clk 00:01:05]} {[%emt 00:00:29]} 44. Qxc7 {[%clk
00:07:56]} {[%emt 00:00:32]} Ra2+ {[%clk 00:01:28]} {[%emt 00:00:08]} 45. Kd3
{[%clk 00:06:38]} {[%emt 00:01:47]} Ra3+ {[%clk 00:01:51]} {[%emt 00:00:07]} 46.
Kc2 {[%clk 00:03:58]} {[%emt 00:03:10]} Qb3+ {[%clk 00:02:18]} {[%emt
00:00:04]} 47. Kc1 {[%clk 00:03:13]} {[%emt 00:01:15]} Ra1+ {[%clk 00:02:44]}
{[%emt 00:00:04]} 48. Kd2 {[%clk 00:03:23]} {[%emt 00:00:20]} Ra2+ {[%clk
00:03:10]} {[%emt 00:00:04]} 0-1